header

Anatomy of the heart by multislice computed tomography (Record no. 67386)

MARC details
000 -LEADER
fixed length control field 01267nam a2200313Ia 4500
245 00 - TITLE STATEMENT
Title Anatomy of the heart by multislice computed tomography
260 ## - PUBLICATION, DISTRIBUTION, ETC. (IMPRINT)
Place of publication Oxford ;
-- Hoboken, NJ :
Name of publisher Wiley-Blackwell,
Year of publication 2008.
300 ## - PHYSICAL DESCRIPTION
Number of Pages vii, 125 p. :
Other physical details ill.
650 #0 - SUBJECT ADDED ENTRY--TOPICAL TERM
Topical Term Heart
Topical Term Cardiovascular system
700 1# - ADDED ENTRY--PERSONAL NAME
Personal name Faletra, Francesco Fulvio.
Personal name Pandian, Natesa G.
Personal name Ho, Siew Yen.
856 40 - ELECTRONIC LOCATION AND ACCESS
Uniform Resource Identifier http://site.ebrary.com/lib/rucke/Doc?id=10300550

No items available.

© 2026 Rongo University
Contact us: librarian | system librarian | Rongo university